Shot down/ (Record no. 139497)

MARC details
000 -LEADER
fixed length control field 00420nam a22001697a 4500
005 - DATE AND TIME OF LATEST TRANSACTION
control field 20170504123827.0
010 ## - LCCN (DPL NO)
LC control number ENG-118041
020 ## - INTERNATIONAL STANDARD BOOK NUMBER
International Standard Book Number 9789351951193
Terms of availability 399.00
035 ## - SYSTEM CONTROL NUMBER
System control number EN-101573
037 ## - SOURCE OF ACQUISITION
Source of stock number/acquisition DBAD/PUB
082 ## - DEWEY DECIMAL CLASSIFICATION NUMBER
Classification number N
100 ## - MAIN ENTRY--PERSONAL NAME
Personal name Rao, Vivek
245 ## - TITLE STATEMENT
Title Shot down/
Statement of responsibility, etc by Vivek Rao
260 ## - PUBLICATION, DISTRIBUTION, ETC. (IMPRINT)
Place of publication, distribution, etc Gurugram
Name of publisher, distributor, etc Hachette Book Publishing India
Date of publication, distribution, etc 2017
300 ## - PHYSICAL DESCRIPTION
Extent 354p.
Dimensions 22cm.(pbk)
942 ## - ADDED ENTRY ELEMENTS (KOHA)
Source of classification or shelving scheme Dewey Decimal Classification
Item type English Books
Classification part N
Call number suffix RAO
Holdings
Withdrawn status Lost status Not for loan Collection code Home library Current library Date acquired Source of acquisition Cost, normal purchase price Full call number Barcode Copy number Cost, replacement price Koha item type
    Not For Loan Fiction D.B.Act.Division Bawana 04/05/2017 DBAD/PUB 399.00 N RAO EN-101573 1 399.00 English Books

© Delhi Public Library
Hit Counter
free hit counter